FINANCIAL ACCOUNTING (Record no. 51207)
[ view plain ]
| 000 -LEADER | |
|---|---|
| fixed length control field | nam a22 7a 4500 |
| 003 - CONTROL NUMBER IDENTIFIER | |
| control field | OSt |
| 005 - DATE AND TIME OF LATEST TRANSACTION | |
| control field | 20211209111727.0 |
| 008 - FIXED-LENGTH DATA ELEMENTS--GENERAL INFORMATION | |
| fixed length control field | 211209b xxu||||| |||| 00| 0 eng d |
| 040 ## - CATALOGING SOURCE | |
| Transcribing agency | IIMT COLLEGE OF ENGINEERING,GREATER NOIDA |
| 100 ## - MAIN ENTRY--PERSONAL NAME | |
| Personal name | LAL,JAWAHAR & SRIVASTAV,,S |
| 245 ## - TITLE STATEMENT | |
| Title | FINANCIAL ACCOUNTING |
| 260 ## - PUBLICATION, DISTRIBUTION, ETC. | |
| Place of publication, distribution, etc. | NEW DELHI |
| Name of publisher, distributor, etc. | S.CHAND |
| Date of publication, distribution, etc. | 2010 |
| 300 ## - PHYSICAL DESCRIPTION | |
| Extent | 21.49 |
| 942 ## - ADDED ENTRY ELEMENTS (KOHA) | |
| Source of classification or shelving scheme | |
| Koha item type | Book Bank |
| Withdrawn status | Lost status | Source of classification or shelving scheme | Damaged status | Not for loan | Home library | Current library | Date acquired | Source of acquisition | Total Checkouts | Barcode | Checked out | Date last seen | Date last checked out | Price effective from | Koha item type |
|---|---|---|---|---|---|---|---|---|---|---|---|---|---|---|---|
| NOIDA IIMT College of Engineering MBA | NOIDA IIMT College of Engineering MBA | 12/09/2021 | TRANSFER | 2 | 21-B-5699 | 01/31/2025 | 10/15/2024 | 10/15/2024 | 12/09/2021 | Book Bank | |||||
| NOIDA IIMT College of Engineering MBA | NOIDA IIMT College of Engineering MBA | 12/09/2021 | TRANSFER | 4 | 21-B-5700 | 02/09/2026 | 09/15/2025 | 12/09/2021 | Book Bank | ||||||
| NOIDA IIMT College of Engineering MBA | NOIDA IIMT College of Engineering MBA | 12/09/2021 | TRANSFER | 3 | 21-B-5701 | 04/22/2025 | 10/08/2024 | 12/09/2021 | Book Bank |

